000 00219nam a22000857a 4500
008 170526b xxu||||| |||| 00| 0 eng d
100 _93123
_aPandya.J.
245 _aGandhiji and his Disciples
260 _aNew Delhi
_bNBIT
_c1998
999 _c6411
_d6411